Estadísticas para Países más cercanos a Gabón - Sprint de 15 segundos

Haz click aquí para intentar la prueba.

Estadísticas generales

  • Esta prueba ha sido intentada 6 veces
  • La puntuación promedio es 6 de 20

Estadísticas de respuestas

kmpaís% Correcto
0Congo
83%
158Rep Dem del Congo
83%
0Camerún
50%
237Santo Tomé
y Príncipe
50%
1044Togo
50%
969Benín
33%
0Guinea Ecuatorial
33%
232República
Centroafricana
33%
118Angola
17%
1442Côte d'Ivoire
17%
1091Ghana
17%
1463Namibia
17%
1184Níger
17%
418Nigeria
17%
1396Sudán
17%
1314Sudán del Sur
17%
1435Zambia
17%
1429Burkina Faso
0%
637Chad
0%
1604Ruanda
0%

Distribución de puntuación

Porcentaje por número respondido

Porcentaje de gente con cada puntuación

Historial de tus puntuaciones

No has intentado esta prueba.